Daily life in Carthage at the time of Hannibal (Record no. 45193)
[ view plain ]
| 000 -LEADER | |
|---|---|
| fixed length control field | 00966cam a22002651 4500 |
| 001 - CONTROL NUMBER | |
| control field | 1222389 |
| 003 - CONTROL NUMBER IDENTIFIER | |
| control field | ARRUPE |
| 005 - DATE AND TIME OF LATEST TRANSACTION | |
| control field | 20170529094212.0 |
| 008 - FIXED-LENGTH DATA ELEMENTS--GENERAL INFORMATION | |
| fixed length control field | 730208s1961 nyua b 000 0 eng |
| 010 ## - LIBRARY OF CONGRESS CONTROL NUMBER | |
| LC control number | 61008264 |
| 040 ## - CATALOGING SOURCE | |
| Original cataloging agency | DLC |
| Transcribing agency | DLC |
| Modifying agency | DLC |
| -- | OCoLC |
| -- | DLC |
| 041 1# - LANGUAGE CODE | |
| Language code of text/sound track or separate title | engfre |
| 050 00 - LIBRARY OF CONGRESS CALL NUMBER | |
| Classification number | DT168 |
| Item number | .C4853 |
| 082 00 - DEWEY DECIMAL CLASSIFICATION NUMBER | |
| Classification number | 913.3973 |
| 300 ## - PHYSICAL DESCRIPTION | |
| Other physical details | illus. |
| Dimensions | 22 cm. |
| 100 2# - MAIN ENTRY--PERSONAL NAME | |
| Personal name | Charles-Picard, Gilbert. |
| 9 (RLIN) | 31183 |
| 240 10 - UNIFORM TITLE | |
| Uniform title | <a href="Vie quotidienne à Carthage au temps d'Hannibal.">Vie quotidienne à Carthage au temps d'Hannibal.</a> |
| Language of a work | English |
| 245 10 - TITLE STATEMENT | |
| Title | Daily life in Carthage at the time of Hannibal |
| Statement of responsibility, etc | [by] Gilbert and Colette Charles-Picard. Translated from the French by A. E. Foster. |
| 260 ## - PUBLICATION, DISTRIBUTION, ETC. (IMPRINT) | |
| Place of publication, distribution, etc | New York, |
| Name of publisher, distributor, etc | Macmillan, |
| Date of publication, distribution, etc | 1961. |
| 300 ## - PHYSICAL DESCRIPTION | |
| Extent | 263 p. |
| 490 0# - SERIES STATEMENT | |
| Series statement | Daily life series |
| 504 ## - BIBLIOGRAPHY, ETC. NOTE | |
| Bibliography, etc | Includes bibliography. |
| 651 #0 - SUBJECT ADDED ENTRY--GEOGRAPHIC NAME | |
| Geographic name | Carthage (Extinct city) |
| General subdivision | Social life and customs. |
| 9 (RLIN) | 31184 |
| 700 2# - ADDED ENTRY--PERSONAL NAME | |
| Personal name | Charles-Picard, Colette, |
| Relator term | joint author. |
| 9 (RLIN) | 31185 |
| 906 ## - LOCAL DATA ELEMENT F, LDF (RLIN) | |
| a | 7 |
| b | cbc |
| c | orignew |
| d | u |
| e | ocip |
| f | 19 |
| g | y-gencatlg |
| 942 ## - ADDED ENTRY ELEMENTS (KOHA) | |
| Source of classification or shelving scheme | Library of Congress Classification |
| Koha item type | Monograph ( Printed materials) |
| Withdrawn status | Lost status | Source of classification or shelving scheme | Damaged status | Not for loan | Collection code | Home library | Current library | Date acquired | Total Checkouts | Full call number | Barcode | Date last seen | Copy number | Price effective from | Koha item type |
|---|---|---|---|---|---|---|---|---|---|---|---|---|---|---|---|
| Library of Congress Classification | Main Collection | ARRUPE LIBRARY | ARRUPE LIBRARY | 04/03/2013 | DT168.C4853 1961 | 46500028416 | 07/12/2017 | 1 | 04/03/2013 | Monograph ( Printed materials) |